| 000 | 00514nam a2200169 i 4500 | ||
|---|---|---|---|
| 001 | 63116 | ||
| 003 | ES-MaACL | ||
| 005 | 20230906164805.0 | ||
| 007 | t| | ||
| 008 | 031128s1913 mx ||||1| spa d | ||
| 100 | 1 |
_aFernández Rojas, José. _950043 |
|
| 245 | 1 | 0 |
_aDe Porfirio Díaz a Victoriano Kuerta _b: (1910-1913) / _cJosé Fernández Rojas. |
| 250 | _a2ª ed. | ||
| 260 |
_a[S.l. : _bs.n., _c1913] ( _eGuadalajara (México) : _fArtes y Oficios) |
||
| 300 |
_a340 p. ; _c20 cm. |
||
| 852 |
_aES-MaACL _jF-3164 |
||
| 999 |
_c63116 _d63116 |
||